000 00866nam a2200289 i 4500
001 000010450
003 DO-SdBNP
005 20250304125400.0
007 ta
008 091007s1972 dr r 000 p spa d
040 _aDO-SdBNP
_bspa
_cBNPHU
_erda
041 _aspa
082 4 _aRD861.44
_bL925e
_222
100 1 _aLozano, Wilfredo,
_d1950-
_eautor
_4aut.
_97126
245 1 3 _aLa esperanza y el yunque /
_cWilfredo Lozano.
264 1 _aSanto Domingo :
_bEditora Taller,
_c1972.
300 _a61 páginas ;
_c21 cm.
336 _atexto
_btxt
_2rdacontent
337 _asin mediación
_bn
_2rdamedia
338 _avolumen
_bnc
_2rdacarrier
490 _aBiblioteca Taller ;
_v7
590 _aInventariado, 2018/LP
650 4 _aPoesía dominicana
_966
650 4 _aLiteratura dominicana.
_967
910 _aValidado. Control de calidad. MFF
942 _2ddc
_cLBS1
999 _c10209
_d10209